| 000 | 00451nam a2200169Ia 4500 | ||
|---|---|---|---|
| 008 | 231217s9999 xx 000 0 und d | ||
| 041 | _aEnglish | ||
| 082 | _a621.37 GOL;4 | ||
| 100 | _aGolding, E WWiddis, F C | ||
| 245 | 0 | _aElectrical measurements and measuring instruments | |
| 250 | _a5th ed. | ||
| 260 |
_c1986 _bAH Wheeler |
||
| 300 | _axii+ 952 | ||
| 500 | _aContent page available | ||
| 650 | _aElectrical measurements | ||
| 942 | _cAA | ||
| 999 |
_c162021 _d162021 |
||